Statystyki dla Oki - 47playground

Kliknij tutaj aby rozwiązać quiz!

Ogólne statystyki

  • Ten quiz został rozwiązany 31 razy
  • Średni wynik to 7 z 11

Statystyki odpowiedzi

NumerGośćUtwór% Poprawnych
4Justin Bieber
79%
5GedzNa Kodach
79%
2PaluchVoodoo
76%
8SzpakuKochać Bloki
72%
7Flashlight
66%
6Pull Up Faded
66%
9ZetHaWracam Do Domu
66%
3Dysze
62%
1Ktoś Czeka
59%
10Tyle Próśb
48%
Bonus TrackNie Zobaczysz
14%

Rozkład punktacji

Percentyl według liczby udzielonych odpowiedzi

Procent ludzi z każdym wynikiem

Twoja historia wyników

Nie rozwiązałeś tego quizu